书目信息 |
| 题名: |
奥林匹克数学引论
|
|
| 作者: | 赵小云 著 | |
| 分册: | ||
| 出版信息: | 南宁 广西教育出版社 2001.7 |
|
| 页数: | 271页 | |
| 开本: | 20cm | |
| 丛书名: | ||
| 单 册: | ||
| 中图分类: | O1-42 | |
| 科图分类: | ||
| 主题词: | 数学--奥林匹克竞赛--研究 | |
| 电子资源: | ||
| ISBN: | 7-5435-3272-7 | |
| 000 | 00557nam0 2200193 45 | |
| 001 | 0201091073 | |
| 005 | 20031219104052.5 | |
| 010 | @a7-5435-3272-7@dCNY14.00 | |
| 100 | @a20020109d2001 km y0chiy0120 ea | |
| 101 | 0 | @achi |
| 105 | @a z 000yy | |
| 200 | 1 | @a奥林匹克数学引论@AAo Lin Pi Ke Shu Xue Yin Lun@f赵小云著@FZhao Xiao Yun Zhu |
| 210 | @a南宁@c广西教育出版社@d2001.7 | |
| 215 | @a271页@d20cm | |
| 606 | 0 | @a数学@x奥林匹克竞赛@x研究 |
| 690 | @aO1-42@v4 | |
| 701 | 0 | @a赵小云@4著 |
| 801 | @aCN@bTSTC@c20020109 | |
| 905 | @b303614-623@dO1-42@e207@f10 | |
| 奥林匹克数学引论/赵小云著.-南宁:广西教育出版社,2001.7 |
| 271页;20cm |
| ISBN 7-5435-3272-7:CNY14.00 |
| ● |
| 相关链接 |
|
|
|
|
正题名:奥林匹克数学引论
索取号:O1-42/207
 
预约/预借
| 序号 | 登录号 | 条形码 | 馆藏地/架位号 | 状态 | 备注 |
| 1 | 0303614 | 203036142 | 第三借阅区/ [索取号:O1-42/207] | 在馆 | |
| 2 | 0303615 | 203036151 | 第三借阅区/ [索取号:O1-42/207] |
已借出,限还日期为2010.10.15 借出人:邢志刚 |
|
| 3 | 0303616 | 203036160 | 第三借阅区/ [索取号:O1-42/207] | 在馆 | |
| 4 | 0303617 | 203036179 | 第三借阅区/ [索取号:O1-42/207] | 在馆 | |
| 5 | 0303618 | 203036188 | 第三借阅区/ [索取号:O1-42/207] | 在馆 | |
| 6 | 0303619 | 203036197 | 第三借阅区/ [索取号:O1-42/207] | 在馆 | |
| 7 | 0303620 | 203036204 | 第三借阅区/ [索取号:O1-42/207] | 在馆 | |
| 8 | 0303621 | 203036213 | 第三借阅区/ [索取号:O1-42/207] | 在馆 | |
| 9 | 0303622 | 203036222 | 第三借阅区/ [索取号:O1-42/207] | 在馆 | |
| 10 | 0303623 | 203036231 | 第二样本阅览室/ [索取号:O1-42/207] | 在馆 |